000 00950nam a2200253 i 4500
001 69551
003 ES-MaACL
005 20250828080954.0
007 t|
008 040707s1985 sp ||||1| spa d
020 _a84-7481-340-9
100 1 _aGarcía del Dujo, Angel.
_954515
245 1 0 _aMuseo Pedagógico Nacional
_b: (1882-1941) : teoría educativa y desarrollo histórico /
_cAngel García del Dujo.
260 _aSalamanca :
_bUniversidad de Salamanca. Instituto de Ciencias de la Educación,
_c1985.
300 _a191 p. ;
_c22 cm.
490 1 _aCiencias de la educación (Universidad de Salamanca)
_v17
_9241994
500 _aIndice.
504 _aBibliografía.
710 2 _aUniversidad de Salamanca.
_bInstituto de Ciencias de la Educación
_94834
830 0 _aCiencias de la educación (Universidad de Salamanca)
_v17
_9241994
852 _aES-MaACL
_jL-11674
_bR.113570
942 _2udc
999 _c69551
_d69551